Moravští židé v rakousko-uherské monarchii (1780 - 1918). - Mikulov. - 2003 [Rezension]
| Titel: | Moravští židé v rakousko-uherské monarchii (1780 - 1918). - Mikulov. - 2003 [Rezension] |
|---|---|
| Verfasser: | |
| In: |
Jižní Morava, Band 40, Heft 43 (2004), Seite 380-382 alle Artikel anzeigen |
| Veröffentlicht: | 2004 |
| Format: | Aufsatz |
| Sprache: | Tschechisch |
X
alg: 39523664 001A $01999:12-11-16 001B $01999:09-08-21 $t17:44:29.000 001D $01999:12-11-16 001U $0utf8 001X $00 002@ $0Aox 003@ $0395236649 007A $0395236649 $aHEB 007T $0Herdp31315 010@ $acze 011@ $a2004 021A $aMoravští židé v rakousko-uherské monarchii (1780 - 1918). - Mikulov. - 2003 [Rezension] 028A $aSmutný $dBohumír 031A $d40 $e43 $h380-382 $j2004 039B $aIn $8--Abvc--. Jižní Morava. - Mikulov : Státní okresní archiv Břeclav se sídlem v Mikulově, 1966-. - ISSN 0449-0436 $x200400000400043620 $9048246115 039T $8--Aau--. Moravští židé v rakousko-uherské monarchii (1780 - 1918). - Mikulov, 2003. - 369 S.. - ISBN 80-7275-017-8 $9120680785 045F $a900.94371 $eDDC23BSB 045F/01 $a900 045F/03 $g4371 045T $aOST $qDE-12 $2FID lok: 39523664 78 exp: 39523664 78 1 #EPN 201B/01 $026-11-17 $t04:22:52.000 201U/01 $0utf8 203@/01 $0791573958 208@/01 $a12-11-16 $be 209A/01 $a/ $f000 $x00 220C/01 $aHerkunft: HÚ AV ČR Praha 244Z/01 $#Tschechien $#Tschechische Republik $#Tschechische Republik $#Tschechenland $#Tschechei Tschechien $#Česká Republika $#Czech Republic $#ČR $74303381-7 $8--Tg1--Tschechien $x01 $9086659812 244Z/01 $2Trx $#Böhmen $#Bohemia $#Czechy $8--Trx--Čechy $x02 $9391188941 244Z/01 $2Trx $#arvustused $#recenzijos $#Reviews $#recenziók $#recenzje $#recenzie $#recenze $8--Trx--Rezensionen $x03 $9391357441 247C/01 $82080>Marburg/Lahn, Herder-Institut, Forschungsbibliothek, Bibliographieportal $9336309341
| LEADER | 00000caa a22000002c 4500 | ||
|---|---|---|---|
| 001 | 395236649 | ||
| 003 | DE-603 | ||
| 005 | 20210809174429.0 | ||
| 007 | tu | ||
| 008 | 161112s2004 xx |||| | u00||u|cze c | ||
| 035 | |a (DE-599)HEB395236649 | ||
| 040 | |a DE-603 |b ger |c DE-603 |d DE-603 | ||
| 041 | |a cze | ||
| 082 | 0 | 4 | |8 1\u |a 900.94371 |q DE-101 |2 23/BSB |
| 084 | |a OST |q DE-12 |2 fid | ||
| 085 | |8 1\u |b 900 | ||
| 085 | |8 1\u |z 2 |s 4371 | ||
| 100 | 1 | |a Smutný, Bohumír | |
| 245 | 0 | 0 | |a Moravští židé v rakousko-uherské monarchii (1780 - 1918). - Mikulov. - 2003 [Rezension] |
| 264 | 0 | |c 2004 | |
| 773 | 0 | 8 | |i In |t Jižní Morava |d Mikulov : Státní okresní archiv Břeclav se sídlem v Mikulově, 1966- |x 0449-0436 |g Band 40, Heft 43 (2004), Seite 380-382 |w (DE-603)048246115 |w (DE-600)958925-9 |
| 787 | 0 | 8 | |i Rezension von |t Moravští židé v rakousko-uherské monarchii (1780 - 1918) |d Mikulov, 2003 |h 369 S. |z 8072750178 |w (DE-603)120680785 |
| 924 | 0 | |9 2080 |a (DE-603)791573958 |b DE-2080 |c HES |d d |g / | |


